[Event "DSOL 03 Liga Gr-B 1st"]
[Site "Playchess.com INT"]
[Date "2020.08.10"]
[Round "2.4"]
[White "Kanzler, Eduard"]
[Black "Paetsch, Hanno"]
[Result "1-0"]
[WhiteElo "1767"]
[BlackElo "1753"]
[PlyCount "85"]
[EventDate "2020.06.22"]
[EventType "team-tourn (rapid)"]
[EventCountry "GER"]
[SourceTitle "EXT 2021"]
[Source "ChessBase"]
[SourceDate "2020.10.23"]
[SourceVersion "1"]
[SourceVersionDate "2020.10.23"]
[SourceQuality "1"]
[WhiteTeam "Dachau"]
[BlackTeam "Eilenriede Weiss Blau"]
[WhiteTeamCountry "GER"]
[BlackTeamCountry "GER"]

1. e4 c6 2. d4 d5 3. Nc3 dxe4 4. Nxe4 Nf6 5. Nxf6+ exf6 6. Bc4 Be6 7. Bb3 Bxb3 8. axb3 Bd6 9. Nf3 0-0 10. 0-0 Nd7 11. Be3 Nb6 12. c4 Bc7 13. Re1 a6 14. Qc2 Qd7 15. Rad1 Rad8 16. d5 cxd5 17. Bxb6 Bxb6 18. Rxd5 Qc7 19. Red1 Rxd5 20. Rxd5 Rd8 21. Qe4 Kf8 22. g3 Rxd5 23. Qxd5 Qc5 24. Qxc5+ Bxc5 25. Ne1 Bd4 26. Nd3 Ke7 27. b4 Kd7 28. Kf1 Ke6 29. Ke2 Kf5 30. f3 h5 31. b3 g5 32. Nc5 Bxc5 33. bxc5 g4 34. b4 Ke5 35. fxg4 hxg4 36. Kd3 f5 37. Ke3 f6 38. b5 axb5 39. cxb5 Kd5 40. c6 Kd6 41. cxb7 Kc7 42. Kf4 Kxb7 43. Kxf5 1-0